00982nmm a22002057a 450000500170000000800410001702000180005804100080007604400070008411000100009124501280010126000260022930000180025550400270027350500220030052003450032270000500066770000250071770000340074220150409112351.0131126b2011 ck ||||| |||| 00| 0 spa d a9789588067360 aspa ack aIDEAM aSistemas agroforestales y restauración ecológica como medidas de adaptación al cambio climático en alta montaña : aBogotábIDEAMc2011 a160 p.c13 cm aIncluye bibliografía aIncluye contenido aCon la primera comunicación nacional sobre el cambio climático del 2001, en Colombia se evidenció que el cambio global esta ocasionando múltiples alteraciones sobre el medio biofísico de zonas costeras, masas glaciares, suelos, coberturas vegetales y recurso hídrico, lo que incrementa la probabilidad de ocurrencia de amenazas. aPatricia Jaramillo Martínez ...[etal].eed. aAlen impresoreseim. aSchütze Páez, Klaus efo.